| 000 | 00615nam a2200193 a 4500 | ||
|---|---|---|---|
| 005 | 20240910064205.0 | ||
| 008 | 050221s2001 mx r 000 0 spa d | ||
| 020 | _a9567062012 | ||
| 035 | _aUPN01000137547 | ||
| 049 | _aCG | ||
| 050 | 4 |
_aBD450 _bH6.5 |
|
| 245 | 0 | 3 |
_aEl hombre, todo el hombre / _ced. Giuseppina Grammatico. |
| 260 |
_a[Chile] : _bUniversidad Metropolitana de Ciencias de la Educación, Centro de Estudios Clásicos, _c2001. |
||
| 300 |
_a266 p. : _bil. |
||
| 440 | 0 |
_aITER. _pEncuentros |
|
| 650 | 4 |
_aAntropología filosófica _94784 |
|
| 700 | 1 |
_aGrammatico, Giuseppina, _eed. |
|
| 905 | _aLibro | ||
| 999 |
_c109698 _d109698 |
||